000
00307 a2200133 4500
001
151261
040
_c
Escola São Tomás de Aquino
240
1
0
_a
O nó do afeto
_l
por
245
1
0
_a
O nó do afeto
362
0
_a
2008
440
1
_a
Companhia Editora Nacional
697
_a
*LITERATURA INFANTO
942
_c
BK
999
_c
151261
_d
151261